Online Catalogue and eLibrary

Luhso ge pathiwatha : (Record no. 5180)

MARC details
000 -LEADER
fixed length control field 00401nam a2200145Ia 4500
005 - DATE AND TIME OF LATEST TRANSACTION
control field 20250310013904.0
008 - FIXED-LENGTH DATA ELEMENTS--GENERAL INFORMATION
fixed length control field 240331s9999 xx 000 0 und d
082 ## - DDC Classification
Item Number - Author Mark IBS
Class No. 812
100 ## - MAIN ENTRY--PERSONAL NAME
Personal name Ibson,
245 #0 - TITLE STATEMENT
Title Luhso ge pathiwatha :
Remainder of title Ibsonge bonikko
260 ## - PUBLICATION, DISTRIBUTION, ETC.
Place of publication, distribution, etc. Colombo
Name of publisher, distributor, etc. women's Education And research centre
300 ## - PHYSICAL DESCRIPTION
Extent (e.g. Volumes, Pages etc.) 116 p ., ( V 2)
500 ## - GENERAL NOTE
General note its translate Conversation Drama,
942 ## - Koha item type (Biblio)
Koha item type Books in Stacks (Lending)
Holdings
Lost status Damaged status Collection code Home library Current library Shelving location Date acquired Full call number Accession Number Item type
    Lending WERC Library WERC Library Social Science Cupboard 03/31/2024 812 IBS 4405 Books in Stacks (Lending)

© WERC Library